MARC

LEADER 00000nam0a2200000 4500
001 249744
005 20231101232512.0
035 |a (RuTPU)RU\TPU\book\271849 
090 |a 249744 
100 |a 20140207d1982 d y0rusy50 ca 
101 0 |a rus 
102 |a RU 
105 |a a z 000ay 
200 1 |a "И бысть сеча велика..."  |e исторический рассказ  |f С. С. Наровчатов  |g И. Непомнящий 
210 |a Москва  |c Детская литература  |d 1982 
215 |a 78 с.  |c ил. 
606 1 |a Русская литература современная  |2 stltpush  |3 (RuTPU)RU\TPU\subj\26373  |9 50316 
610 1 |a художественная литература 
610 1 |a рассказы 
610 1 |a историческая литература 
610 1 |a Русь 
675 |a Р2  |v 3 
700 1 |a Наровчатов  |b С. С.  |g Сергей Сергеевич  |4 070 
702 1 |a Непомнящий  |b И.  |4 040 
801 1 |a RU  |b 63413507  |c 20140207 
801 2 |a RU  |b 63413507  |c 20210930  |g RCR 
942 |c BK